Giáo trình thực hành cad - cam thiết kế cơ khí điện tử và mô phỏng mastercam dành cho người tự học

Đã lưu trong:
Sonraí Bibleagrafaíochta
Príomhúdar: Lê Thuận
Údair Eile: Thanh Tâm, Quang Huy
Formáid: Leabhar
Teanga:Vietnamese
Foilsithe: Tp Hồ Chí Minh Giao thông vận tải 2011
Ábhair:
Clibeanna: Cuir Clib Leis
Gan Chlibeanna, Bí ar an gcéad duine leis an taifead seo a chlibeáil!
Thư viện lưu trữ: Thư viện Trường Đại học Nam Cần Thơ
LEADER 01550nam a22002537a 4500
001 NCT_27575
008 180223b xxu||||| |||| 00| 0 vie d
999 |c 1320  |d 1320 
020 |c 72000 
082 0 4 |2 23rd ed.  |a 620.100285  |b Th120 
100 1 |a Lê Thuận 
245 1 0 |a Giáo trình thực hành cad - cam thiết kế cơ khí điện tử và mô phỏng mastercam dành cho người tự học  |c Lê Thuận, Thanh Tâm, Quang Huy 
260 |a Tp Hồ Chí Minh  |b Giao thông vận tải  |c 2011 
300 |a 319 tr.  |b Hình ảnh  |c 24cm 
653 |a Công nghệ kỹ thuật ô tô 
700 1 |a Thanh Tâm 
700 1 |a Quang Huy 
942 |2 ddc  |c BK 
952 |0 0  |1 0  |2 ddc  |4 0  |6 620_100285000000000_TH120  |7 0  |9 6647  |a 000001  |b 000001  |d 2018-02-23  |o 620.100285 Th120  |p MD.09967  |r 2018-02-23  |v 72000.00  |w 2018-02-23  |y BK 
952 |0 0  |1 0  |2 ddc  |4 0  |6 620_100285000000000_TH120  |7 0  |9 8265  |a 000001  |b 000001  |d 2018-05-22  |o 620.100285 Th120  |p MD.09964  |r 2018-05-22  |v 72000.00  |w 2018-05-22  |y BK 
952 |0 0  |1 0  |2 ddc  |4 0  |6 620_100285000000000_TH120  |7 0  |9 8266  |a 000001  |b 000001  |d 2018-05-22  |o 620.100285 Th120  |p MD.09965  |r 2018-05-22  |v 72000.00  |w 2018-05-22  |y BK 
952 |0 0  |1 0  |2 ddc  |4 0  |6 620_100285000000000_TH120  |7 0  |9 8267  |a 000001  |b 000001  |d 2018-05-22  |o 620.100285 Th120  |p MD.09966  |r 2018-05-22  |v 72000.00  |w 2018-05-22  |y BK 
952 |0 0  |1 0  |2 ddc  |4 0  |6 620_100285000000000_TH120  |7 0  |9 8268  |a 000001  |b 000001  |d 2018-05-22  |o 620.100285 Th120  |p MD.09963  |r 2018-05-22  |v 72000.00  |w 2018-05-22  |y BK 
980 |a Thư viện Trường Đại học Nam Cần Thơ